Beatcord Quiz - Statistics

General Stats
  • This quiz has been taken 21 times
  • The average score is 11 of 18
Answer Stats
Clue Member/Mod % Correct
YouTuber who owns the server Beatmastermatt
100%
Wife of the owner, active Admin Mrs. Beat
86%
Student of the above who manages the server Laken
79%
Became a Moderator in August 2021, Star Wars fan Casey Flatguy
64%
Inactive Admin Commander Cody
64%
#______4mod Graham
64%
Brazilian member who recently graduated high school Luca
64%
Active Moderator whose name is the opposite of ‘Daddy Fascism’ Mommy Anarchy (Venbot)
64%
Obscure Minecraft YouTuber who became a Moderator in November 2021 Osbers Gaming
64%
Moderator known for rampages Fumble
57%
Server Veteran who likes Jawas Helmer
57%
Fairly inactive Moderator MatrixMachine
57%
The most famous Patreon to Mr. Beat (who is not a mod) Water
57%
Probably the least active Moderator Askil Atifov
50%
Moderator known for spinoff RP servers Expsmaster
50%
Borderline Confederate who is part of the YT Realm Reid
50%
Server Veteran whose pfp is Joe Manchin Sleepy Uncle Joe
50%
Server Veteran who is extremely active Z!ng
50%
No matching quizzes found
Score Distribution
Percent of People with Each Score
Percentile by Number Answered
Your Score History
You have not taken this quiz